| 000 | 00535nam a2200181Ia 4500 | ||
|---|---|---|---|
| 003 | SGT | ||
| 020 | _a9780198066477 | ||
| 082 |
_a621.3916 _bKUM |
||
| 100 | _aKumar,Senthil | ||
| 245 | _aMicroprocessors and microcontrollers | ||
| 260 |
_bOxford University Press _aN.Delhi _c2011 |
||
| 300 | _a765p. | ||
| 650 | _aELECTRICAL ENGINEERING | ||
| 653 | _aINTEL 8085 ARCHITECTURE AND PROGRAMMING, HARDWARE INTERFACING WITH INTEL 8085, INTEL 8051 MICROCONTRLLERS | ||
| 700 | _aJeevananthan,S | ||
| 700 | _aSaravanan,M | ||
| 942 |
_2ddc _cBK |
||
| 999 |
_c5407 _d5407 |
||